Labranza secundaria

Salvato in:
Dettagli Bibliografici
Natura: Libro
Lingua:spagnolo
Pubblicazione: Ciudad de México Trillas 1982
Edizione:1a. ed
Serie:Manuales para Educación Agropecuaria. Area: Mecánica Agrícola, 40
Soggetti:
Tags: Aggiungi Tag
Nessun Tag, puoi essere il primo ad aggiungerne!!

MARC

LEADER 00000nam a2200000 a 4500
001 UCK3847
003 CL-VaPUC
008 050513e19820000MX |||||||||||||||||spa|d
020 |a 9682411629 
082 0 4 |a 631.51  |b LAB  |2 21 
245 1 0 |a Labranza secundaria 
250 |a 1a. ed 
300 |a 64 p 
942 |c BK 
945 |d 20050513 00:00:00  |a cmena 
260 |a Ciudad de México  |b Trillas  |c 1982 
650 0 |a Labranza  |9 401579 
650 7 |a MAQUINARIA AGRICOLA  |2 CL-VaPUC  |9 264357 
650 0 |a Cultivo  |9 264268 
650 0 |a Producción agrícola  |9 353481 
583 |a last modification  |c 20050513 00:00:00  |k Rodrigo Vera 
490 0 |a Manuales para Educación Agropecuaria. Area: Mecánica Agrícola, 40 
999 |c 312898  |d 312896 
952 |0 0  |1 0  |4 0  |6 631_510000000000000_LAB_1982  |7 0  |8 A  |9 383744  |a BIBAGR  |b BIBAGR  |d 2019-11-22  |i 4124812  |o 631.51 LAB 1982  |p 4124812  |r 2025-01-20  |w 2019-11-22  |y BK  |k AGR